Derecho mercantil de obligaciones: parte general.

保存先:
書誌詳細
第一著者: García-Pita y Lastres, José Luis (autor)
フォーマット: 図書
言語:英語
出版事項: Madrid, España: Marcial Pons, 2003.
主題:
タグ: タグ追加
タグなし, このレコードへの初めてのタグを付けませんか!

MARC

LEADER 00000nam a2200000 a 4500
001 UCL9395
003 CL-VaPUC
005 20231108092701.0
008 220614b22003 ||||| |||| 00| 0 eng d
999 |c 310189  |d 310187 
020 |a 8497680731. 
040 |c Pontificia Universidad Católica de Valparaíso 
082 |a 346.4602 GAR 2003 
100 0 |a García-Pita y Lastres, José Luis  |e autor  |9 487195 
245 |a Derecho mercantil de obligaciones: parte general. 
260 |a Madrid, España:  |b Marcial Pons,   |c 2003. 
300 |a 922 páginas.  
583 |a last modification  |c 20040806 00:00:00  |k Rodrigo Vera 
650 0 |a Derecho civil español   |9 390729 
650 0 |a Derecho contractual  |9 373875 
650 0 |a Derecho comercial   |9 256340 
650 0 |a Responsabilidad contractual  |9 256720 
650 0 |a Ordenamiento jurídico   |9 355371 
650 0 |a Obligaciones contractuales  |9 386117 
651 0 |a España  |9 254926 
942 |c BK  |2 ddc 
952 |0 0  |1 0  |4 0  |6 346_460200000000000_GAR_2003  |7 0  |8 A  |9 378443  |a BIBDER  |b BIBDER  |d 2019-11-21  |i 4046668  |o 346.4602 GAR 2003  |p 4046668  |r 2023-01-25  |w 2019-11-21  |y BK  |k DER